| 000 | 00439nam a22001697a 4500 | ||
|---|---|---|---|
| 999 |
_c5739 _d5737 |
||
| 005 | 20210909110844.0 | ||
| 008 | 181006b xxu||||| |||| 00| 0 eng d | ||
| 020 | _a978-81-8360-212-9 | ||
| 041 | _aeng | ||
| 100 |
_aOjha,T.P,Michal,A.M _94867 |
||
| 245 | _aPrinciples Of Agricultural Engineering Volume I | ||
| 250 | _a11th | ||
| 260 |
_aNew Delhi _bJain Brothers _c2018 |
||
| 300 | _a1008 | ||
| 650 |
_aAgricultural _93475 |
||
| 942 | _cBK | ||